تحميل...
Evolutionary genetics of fishes
| التنسيق: | Printed Book |
|---|---|
| اللغة: | English |
| منشور في: |
New York
Plenum
1984
|
| الموضوعات: |
| LEADER | 00633nam a2200253 a 4500 | ||
|---|---|---|---|
| 001 | adlib96000001 | ||
| 003 | ViArRB | ||
| 005 | 20151026130726.0 | ||
| 008 | 960221s1955 dcuabcdjdbkoqu001 0deng d | ||
| 020 | |||
| 022 | |||
| 040 | |a Adlib | ||
| 082 | |a 597:575 | ||
| 245 | |a Evolutionary genetics of fishes | ||
| 250 | |||
| 260 | |a New York |b Plenum |c 1984 | ||
| 300 | |a xiii,636p | ||
| 500 | |a Ref. at the end of each chap. | ||
| 100 | |||
| 700 | |||
| 942 | |c BK |6 _ | ||
| 653 | |a fish genetics | ||
| 999 | |c 11648 |d 11648 | ||
| 952 | |0 0 |1 0 |4 0 |6 597575_TUR |7 0 |9 23104 |a UL |b UL |d 2010-06-16 |o 597:575 TUR |p 00030882 |r 2010-06-16 |w 2010-06-16 |y BK | ||